| 000 | 00574nam a2200169 i 4500 | ||
|---|---|---|---|
| 001 | 55660 | ||
| 003 | ES-MaACL | ||
| 005 | 20230906163205.0 | ||
| 007 | t| | ||
| 008 | 030924s1967 sp ||||1| cat d | ||
| 245 | 0 | 0 |
_aDesti del món _b: vocació de l'home ; text integre de la Constitució Pastoral sobre l'Esglesia en el món d'avui / _ccomentaris i notes de Casimir Martí ... [et al.]. |
| 250 | _a[1ª ed.]. | ||
| 260 |
_aBarcelona : _bNova Terra, _c[1967] |
||
| 300 |
_a305 p. ; _c19 cm. |
||
| 700 | 1 |
_aMartí, Casimir. _977182 |
|
| 852 |
_aES-MaACL _jC-32642 _bR.63002 |
||
| 999 |
_c55660 _d55660 |
||